[Event "GER-ch 69th"]
[Site "Gladenbach"]
[Date "1997.11.17"]
[Round "1"]
[White "Bischoff, Klaus"]
[Black "Seger, Ruediger"]
[Result "1/2-1/2"]
[WhiteElo "2535"]
[BlackElo "2340"]
[EventDate "1997.11.17"]
[PlyCount "125"]

1. c4 Nf6 2. Nc3 d5 3. cxd5 Nxd5 4. g3 g6 5. Bg2 Nb6 6. d3 Bg7 7. Be3 Nc6 8. Qd2 Nd4 9. Rc1 e5 10. Bh6 O-O 11. Bxg7 Kxg7 12. e3 Ne6 13. Nf3 f6 14. O-O c6 15. Rfd1 Qe7 16. b3 a5 17. Qb2 a4 18. Nd2 Rd8 19. Nc4 Qb4 20. Nxb6 Qxb6 21. b4 a3 22. Qb3 Nc7 23. Na4 Qb5 24. Nc5 b6 25. Ne4 Be6 26. Qc2 Na6 27. Qxc6 Qxc6 28. Rxc6 Bxa2 29. Ra1 Nxb4 30. Rxb6 Rab8 31. Rxb8 Rxb8 32. Nc3 Bf7 33. Rxa3 Nxd3 34. Ra7 Kf8 35. Be4 Nb4 36. Rc7 Rd8 37. g4 Rd2 38. Rb7 Na2 39. Nxa2 Bxa2 40. Rxh7 Rd1+ 41. Kg2 Bd5 42. Bxd5 Rxd5 43. h4 Kg8 44. Ra7 Rb5 45. Kf3 Rb4 46. Ra6 Kg7 47. g5 f5 48. Kg3 Rg4+ 49. Kh3 e4 50. Ra7+ Kg8 51. Ra1 Kf7 52. Rh1 Ke6 53. Rb1 Kf7 54. Rc1 Kg7 55. Rh1 Kf7 56. Rh2 Rg1 57. Rg2 Rh1+ 58. Rh2 Rg1 59. Rg2 Rh1+ 60. Kg3 Ke6 61. Rh2 Rg1+ 62. Rg2 Rh1 63. Rh2 1/2-1/2

[Event "GER-ch 69th"]
[Site "Gladenbach"]
[Date "1997.11.17"]
[Round "1"]
[White "Dittmar, Peter"]
[Black "Teske, Henrik"]
[Result "1/2-1/2"]
[WhiteElo "2325"]
[BlackElo "2515"]
[EventDate "1997.11.17"]
[PlyCount "24"]

1. d4 d5 2. c4 c6 3. cxd5 cxd5 4. Bf4 Nc6 5. Nc3 Nf6 6. e3 Bf5 7. Qb3 Qb6 8. Qxb6 axb6 9. Bb5 e6 10. Nge2 Be7 11. f3 O-O 12. g4 Bg6 1/2-1/2

[Event "GER-ch 69th"]
[Site "Gladenbach"]
[Date "1997.11.17"]
[Round "1"]
[White "Dobierzin, Olaf"]
[Black "Gisbrecht, Ewgeni"]
[Result "0-1"]
[WhiteElo "2180"]
[BlackElo "2400"]
[EventDate "1997.11.17"]
[PlyCount "98"]

1. e4 c5 2. Nf3 Nf6 3. e5 Nd5 4. Nc3 Nxc3 5. dxc3 Nc6 6. Bf4 e6 7. Qd2 Qc7 8. O-O-O h6 9. h4 b6 10. Bd3 Bb7 11. Qe2 O-O-O 12. Bg3 d5 13. exd6 Bxd6 14. Bxd6 Rxd6 15. Ba6 Rhd8 16. Rxd6 Qxd6 17. Bxb7+ Kxb7 18. b3 Qf4+ 19. Kb2 Qg4 20. Rh3 g6 21. Qe3 Qxg2 22. Rg3 Qf1 23. Rg1 Qh3 24. Rg3 Qf5 25. Qxh6 Ne7 26. Qg5 Qxg5 27. hxg5 Rd5 28. c4 Rf5 29. Kc3 Nc6 30. a3 Kc7 31. Kd3 Rxf3+ 32. Rxf3 Ne5+ 33. Ke3 Nxf3 34. Kxf3 Kd6 35. Ke4 e5 36. Ke3 Ke7 37. Kf3 f5 38. gxf6+ Kxf6 39. Ke4 Ke6 40. c3 a6 41. b4 Kd6 42. bxc5+ bxc5 43. Ke3 Ke7 44. Kf3 Kf6 45. Kg4 g5 46. f3 Kg6 47. Kh3 Kf5 48. Kg3 a5 49. a4 e4 0-1

[Event "GER-ch 69th"]
[Site "Gladenbach"]
[Date "1997.11.17"]
[Round "1"]
[White "Gutman, Lev"]
[Black "Schwing, Hans Elmar"]
[Result "1-0"]
[WhiteElo "2475"]
[BlackElo "2315"]
[EventDate "1997.11.17"]
[PlyCount "79"]

1. Nf3 Nf6 2. g3 d5 3. Bg2 e6 4. O-O Be7 5. c4 O-O 6. b3 c6 7. Bb2 b5 8. Qc2 Bb7 9. d3 Nbd7 10. Nbd2 Qb6 11. e4 Rfc8 12. Rac1 a5 13. Bd4 Qd8 14. Qb1 Ba6 15. Rfe1 a4 16. cxd5 cxd5 17. e5 Ne8 18. b4 Rxc1 19. Rxc1 Rc8 20. a3 Rxc1+ 21. Qxc1 Qc8 22. Qxc8 Bxc8 23. Nb1 Nc7 24. Nc3 Kf8 25. Ba7 Ke8 26. d4 Bb7 27. Ne1 Bc6 28. Nd3 Kd8 29. f4 Kc8 30. Bc5 Bd8 31. Bf1 f5 32. Be2 g6 33. Kf2 Na8 34. Ne1 Nc7 35. Bd6 Nb6 36. Bxc7 Bxc7 37. Nxb5 Bxb5 38. Bxb5 Kd8 39. Ke3 Ke7 40. Nd3 1-0

[Event "GER-ch 69th"]
[Site "Gladenbach"]
[Date "1997.11.17"]
[Round "1"]
[White "Keitlinghaus, Ludger"]
[Black "Oswald, Hans Joachim"]
[Result "1/2-1/2"]
[WhiteElo "2525"]
[BlackElo "2330"]
[EventDate "1997.11.17"]
[PlyCount "123"]

1. e4 d5 2. exd5 Nf6 3. d4 Nxd5 4. Nf3 g6 5. c4 Nb6 6. c5 Nd5 7. Bc4 Bg7 8. Qb3 c6 9. Nc3 O-O 10. O-O Nxc3 11. bxc3 b5 12. cxb6 axb6 13. Re1 b5 14. Bd3 Nd7 15. Ba3 Bf6 16. h3 Nb6 17. Bb4 Kg7 18. Nd2 Be6 19. Qc2 Nd5 20. a3 Nf4 21. Ne4 Nxd3 22. Qxd3 Re8 23. Re3 Bf5 24. g4 Bxe4 25. Rxe4 e6 26. Rae1 Qd5 27. R1e3 Be7 28. Re5 Qd7 29. Rf3 Bd6 30. Re4 Bxb4 31. axb4 Ra1+ 32. Kg2 Qd5 33. Re5 Qb3 34. Rfe3 f6 35. Re1 Rxe1 36. Rxe1 Qd5+ 37. Qf3 Kf7 38. Ra1 Re7 39. Ra6 Rc7 40. Kg3 Qd6+ 41. Qf4 Ke7 42. Ra8 Qxf4+ 43. Kxf4 Kd6 44. Ke3 e5 45. Rf8 Ke7 46. Rh8 Ke6 47. dxe5 Kxe5 48. Re8+ Kd5 49. Kd3 Rd7 50. h4 c5 51. Rb8 cxb4 52. cxb4 Kc6+ 53. Kc3 Rf7 54. h5 Ra7 55. Rc8+ Kb6 56. Re8 Ra3+ 57. Kd4 gxh5 58. Re6+ Kb7 59. Re7+ Kc6 60. Re6+ Kb7 61. Re7+ Kc6 62. Re6+ 1/2-1/2

[Event "GER-ch 69th"]
[Site "Gladenbach"]
[Date "1997.11.17"]
[Round "1"]
[White "Kersten, Uwe"]
[Black "Luther, Thomas"]
[Result "1/2-1/2"]
[WhiteElo "2330"]
[BlackElo "2525"]
[EventDate "1997.11.17"]
[PlyCount "106"]

1. e4 e6 2. d3 d5 3. Nd2 c5 4. Ngf3 Nc6 5. g3 Bd6 6. Bg2 Nge7 7. O-O O-O 8. Re1 Bc7 9. c3 Rb8 10. exd5 exd5 11. Nb3 b6 12. d4 c4 13. Nbd2 b5 14. Nf1 b4 15. Ne5 Nxe5 16. dxe5 bxc3 17. bxc3 Ba5 18. Bd2 Bf5 19. Qc1 Bd3 20. Ne3 Re8 21. h4 Rb5 22. h5 h6 23. Bh3 d4 24. cxd4 Qxd4 25. Bxa5 Rxa5 26. e6 Rxh5 27. exf7+ Kxf7 28. Be6+ Kg6 29. Bxc4 Bxc4 30. Qxc4 Qxc4 31. Nxc4 Rc8 32. Rxe7 Rxc4 33. Rxa7 Rc2 34. Re1 Rf5 35. Ree7 Rcxf2 36. Rxg7+ Kf6 37. Rgf7+ Kg6 38. Rg7+ Kf6 39. Raf7+ Ke5 40. Rxf5+ Rxf5 41. Re7+ Kf6 42. Re4 Kg5 43. Kg2 Rc5 44. a4 Rc3 45. Kf2 Ra3 46. g4 h5 47. gxh5 Kxh5 48. Ke2 Kg5 49. Kd2 Kf5 50. Rb4 Ke6 51. Kc2 Kd5 52. Kb2 Rh3 53. a5 Kc6 1/2-1/2

[Event "GER-ch 69th"]
[Site "Gladenbach"]
[Date "1997.11.17"]
[Round "1"]
[White "Kindermann, Stefan"]
[Black "Holzhaeuer, Mathias"]
[Result "1/2-1/2"]
[WhiteElo "2570"]
[BlackElo "2355"]
[EventDate "1997.11.17"]
[PlyCount "83"]

1. e4 d5 2. exd5 Nf6 3. d4 Nxd5 4. Nf3 Bg4 5. h3 Bh5 6. c4 Nb6 7. Nc3 e6 8. Be3 Nc6 9. d5 exd5 10. cxd5 Nb4 11. Bxb6 axb6 12. a3 Bxf3 13. gxf3 Qe7+ 14. Be2 Na6 15. Qa4+ Kd8 16. d6 Qe6 17. dxc7+ Nxc7 18. O-O-O+ Kc8 19. Qc2 Bc5 20. Ne4 g6 21. Kb1 f5 22. Nxc5 bxc5 23. Qxc5 Qxe2 24. Rc1 Qd3+ 25. Rc2 Qd7 26. Rhc1 Kb8 27. Qxc7+ Qxc7 28. Rxc7 Ra6 29. Re7 Rb6 30. Rd1 Rc8 31. Rdd7 h5 32. Rd4 Rc3 33. Re3 Rc8 34. f4 h4 35. a4 Rbc6 36. Re7 Rc4 37. Rdd7 Rb4 38. a5 Rc5 39. Re5 Rc8 40. Rg7 Rd8 41. Re1 Rd6 42. Rg8+ 1/2-1/2

[Event "GER-ch 69th"]
[Site "Gladenbach"]
[Date "1997.11.17"]
[Round "1"]
[White "Lampe, Dirk"]
[Black "Miltner, Arndt"]
[Result "1-0"]
[WhiteElo "2295"]
[BlackElo "2410"]
[EventDate "1997.11.17"]
[PlyCount "107"]

1. e4 e5 2. Nf3 d6 3. d4 Nd7 4. Bc4 c6 5. dxe5 dxe5 6. Ng5 Nh6 7. O-O Bc5 8. Qf3 Qe7 9. h3 Nf8 10. Be3 Bxe3 11. Qxe3 f6 12. Nf3 Ne6 13. Nc3 Nf7 14. Rfd1 O-O 15. Rd2 b5 16. Bb3 Nc5 17. Ne2 a5 18. a3 Nxb3 19. cxb3 Be6 20. Rc1 Rfc8 21. Rdc2 Nd8 22. Nd2 Qa7 23. Qxa7 Rxa7 24. Kf1 Kf8 25. Nc3 Rb8 26. Nd1 Rd7 27. Ke2 Rd6 28. Rc3 Rb7 29. Rd3 Rbd7 30. Rxd6 Rxd6 31. a4 Ke7 32. axb5 cxb5 33. Rc5 Nc6 34. Nf3 Nd4+ 35. Nxd4 Rxd4 36. Rxb5 Rxe4+ 37. Ne3 Rb4 38. Rxb4 axb4 39. Nc2 Kd6 40. Nxb4 Bxb3 41. Ke3 g5 42. g3 f5 43. f4 exf4+ 44. gxf4 g4 45. hxg4 fxg4 46. Nd3 h5 47. Nf2 Bd5 48. Ne4+ Bxe4 49. Kxe4 h4 50. Ke3 h3 51. Kf2 h2 52. Kg2 g3 53. b4 Kd5 54. f5 1-0

[Event "GER-ch 69th"]
[Site "Gladenbach"]
[Date "1997.11.17"]
[Round "1"]
[White "Mueller, Karsten"]
[Black "Hennings, Artur"]
[Result "1/2-1/2"]
[WhiteElo "2505"]
[BlackElo "2320"]
[EventDate "1997.11.17"]
[PlyCount "80"]

1. e4 c5 2. Nf3 Nc6 3. d4 cxd4 4. Nxd4 Nf6 5. Nc3 e5 6. Ndb5 h6 7. Nd6+ Bxd6 8. Qxd6 Qe7 9. Nb5 Qxd6 10. Nxd6+ Ke7 11. Nf5+ Kf8 12. Bd3 d5 13. exd5 Nxd5 14. c3 Be6 15. O-O Rd8 16. Bc2 g6 17. Ng3 Kg7 18. Re1 Rhe8 19. Ba4 f6 20. Ne4 g5 21. Nc5 Bc8 22. f3 Nde7 23. Be3 b6 24. Ne4 Be6 25. Bb5 Rd7 26. a4 f5 27. Nf2 Red8 28. Rad1 Rxd1 29. Nxd1 Bb3 30. Nf2 e4 31. fxe4 f4 32. Bc1 Ne5 33. Re2 Nc8 34. Rd2 Rxd2 35. Bxd2 Nd6 36. c4 Nxb5 37. cxb5 Nc4 38. Bc3+ Kf7 39. Ng4 h5 40. Ne5+ Nxe5 1/2-1/2

[Event "GER-ch 69th"]
[Site "Gladenbach"]
[Date "1997.11.17"]
[Round "1"]
[White "Schaller, Sven"]
[Black "Rabiega, Robert"]
[Result "1-0"]
[WhiteElo "2315"]
[BlackElo "2490"]
[EventDate "1997.11.17"]
[PlyCount "113"]

1. c4 e6 2. g3 d5 3. Bg2 c6 4. Nf3 dxc4 5. a4 Bd6 6. Na3 Nf6 7. Nxc4 Be7 8. O-O b6 9. d4 Bb7 10. a5 O-O 11. Bg5 b5 12. Ncd2 c5 13. dxc5 Na6 14. c6 Bxc6 15. Nb3 Bd5 16. Rc1 Qb8 17. Nbd4 Rd8 18. Qd3 Nc7 19. Qc2 Na6 20. Nc6 Bxc6 21. Qxc6 Rd6 22. Qc2 Qe8 23. Ne5 Nd5 24. Bxe7 Qxe7 25. Bxd5 Rxd5 26. Qc6 Rf8 27. Nd3 Nb4 28. Nxb4 Qxb4 29. Qc7 a6 30. Qc3 Qxc3 31. Rxc3 Rd2 32. Rc6 Rxe2 33. Rxa6 Rxb2 34. Ra1 g6 35. Rb6 Rc2 36. a6 Rc7 37. a7 Rcc8 38. Rxb5 Ra8 39. Rb7 Kg7 40. Rd1 Kf6 41. Rdd7 h5 42. Kg2 g5 43. Kf3 Rac8 44. Rbc7 Ra8 45. Ke4 Kg6 46. Ke5 g4 47. Rc5 Rh8 48. Kd6 Kf6 49. Kc6 h4 50. Kb7 hxg3 51. hxg3 Rae8 52. Rdc7 Rh1 53. Rc1 Rh2 54. Rc8 Re7+ 55. R1c7 Rxf2 56. Rxe7 Rb2+ 57. Kc7 1-0

[Event "GER-ch 69th"]
[Site "Gladenbach"]
[Date "1997.11.17"]
[Round "1"]
[White "Schmaltz, Roland"]
[Black "Puth, Dieter"]
[Result "1-0"]
[WhiteElo "2445"]
[BlackElo "2300"]
[EventDate "1997.11.17"]
[PlyCount "59"]

1. e4 c5 2. Nf3 d6 3. d4 cxd4 4. Nxd4 Nf6 5. Nc3 a6 6. f4 e5 7. Nf3 Nbd7 8. Bd3 Be7 9. O-O O-O 10. Kh1 b5 11. a3 Bb7 12. Qe1 Re8 13. fxe5 dxe5 14. Be3 Qc7 15. Nh4 g6 16. Qf2 Kh8 17. Qf3 Ng8 18. Qh3 Ndf6 19. Nf3 Bd6 20. Ng5 Rf8 21. Rf3 Bc8 22. Qh4 h6 23. Rxf6 Kg7 24. Nd5 Qb8 25. Rxf7+ Rxf7 26. Nxf7 Kxf7 27. Rf1+ Kg7 28. Nb6 Qa7 29. Qf2 Rb8 30. Nxc8 1-0

[Event "GER-ch 69th"]
[Site "Gladenbach"]
[Date "1997.11.17"]
[Round "1"]
[White "Wahls, Matthias"]
[Black "Bastian, Herbert"]
[Result "1-0"]
[WhiteElo "2595"]
[BlackElo "2375"]
[EventDate "1997.11.17"]
[PlyCount "67"]

1. e4 e5 2. Nf3 Nc6 3. Bb5 Nf6 4. d3 d6 5. O-O g6 6. c3 Bg7 7. Re1 O-O 8. Nbd2 Nd7 9. Nf1 a6 10. Ba4 Nc5 11. Bc2 Ne6 12. Ng3 Qf6 13. Ne2 Bd7 14. h3 Rae8 15. a4 a5 16. Rb1 b6 17. b4 axb4 18. cxb4 h6 19. Bb3 Kh8 20. Bd2 Qe7 21. Qc1 Kh7 22. Bxe6 Qxe6 23. b5 Ne7 24. Qxc7 f5 25. exf5 Rxf5 26. Ned4 Qf7 27. Nxf5 Bxf5 28. Qxd6 Nc8 29. Qa3 Bxh3 30. Re3 Bf5 31. Rbe1 Qd5 32. Bc3 Bf8 33. Qb2 Bxd3 34. Rd1 1-0

[Event "GER-ch 69th"]
[Site "Gladenbach"]
[Date "1997.11.17"]
[Round "1"]
[White "Zude, Erik"]
[Black "Lutz, Christopher"]
[Result "0-1"]
[WhiteElo "2365"]
[BlackElo "2590"]
[EventDate "1997.11.17"]
[PlyCount "124"]

1. Nf3 f5 2. e4 fxe4 3. Ng5 Nc6 4. d3 e3 5. Bxe3 e5 6. Be2 Be7 7. Nf3 Nf6 8. d4 exd4 9. Nxd4 O-O 10. O-O Nxd4 11. Bxd4 d5 12. c4 c5 13. Bxf6 Bxf6 14. Nc3 dxc4 15. Bxc4+ Kh8 16. Qxd8 Rxd8 17. Rad1 Bf5 18. Rxd8+ Rxd8 19. Rd1 Rxd1+ 20. Nxd1 g5 21. Kf1 Kg7 22. Ke2 Bd7 23. Bd5 b5 24. b3 Bd4 25. Ne3 Kf6 26. Bf3 Ke5 27. Bg4 Be8 28. Kd2 h5 29. Be2 a6 30. g3 h4 31. Ng4+ Kd6 32. Bd3 Bd7 33. Ne3 Ke5 34. Ke2 a5 35. Kd2 Kf6 36. Nd5+ Ke5 37. Ne3 Bc6 38. Ng4+ Ke6 39. f4 gxf4 40. gxf4 Bf3 41. f5+ Ke7 42. h3 b4 43. Bc4 Be4 44. Bd3 Bf3 45. Bc4 Be4 46. Bd3 Bg2 47. Ke2 Bxh3 48. Kf3 Kd6 49. Bc4 Bc3 50. Ba6 Bxg4+ 51. Kxg4 Bf6 52. Kf4 Kd5 53. Ke3 Ke5 54. Bd3 Bg5+ 55. Kf3 Kd4 56. Bb5 Kc3 57. Ke4 Kb2 58. Kd5 Kxa2 59. Kc4 h3 60. Bc6 h2 61. Bd5 Ka3 62. Bc6 a4 0-1

[Event "GER-ch 69th"]
[Site "Gladenbach"]
[Date "1997.11.18"]
[Round "2"]
[White "Bastian, Herbert"]
[Black "Puth, Dieter"]
[Result "1-0"]
[WhiteElo "2375"]
[BlackElo "2300"]
[EventDate "1997.11.17"]
[PlyCount "105"]

1. e4 c5 2. Nc3 d6 3. g3 Nc6 4. Bg2 g6 5. d3 Bg7 6. f4 e6 7. Nf3 Nge7 8. O-O O-O 9. Be3 Nd4 10. Bf2 e5 11. fxe5 dxe5 12. Be3 b6 13. Qd2 Qd6 14. Rf2 f6 15. Raf1 Be6 16. b3 a6 17. Nd1 Rad8 18. Ne1 b5 19. c3 Ndc6 20. Nb2 Rf7 21. Qc1 Na5 22. Nf3 Nec6 23. h3 Rc8 24. Rc2 Rfc7 25. Kh2 Ne7 26. Rcf2 Nec6 27. Qe1 Rf7 28. Rc2 Rfc7 29. Qf2 Ne7 30. Rfc1 h6 31. Rf1 Kh7 32. Rd1 f5 33. Qd2 Rd7 34. Qc1 Rf8 35. d4 fxe4 36. dxc5 Qc7 37. Rxd7 Bxd7 38. Nd2 Nf5 39. Nxe4 Bc6 40. b4 Nc4 41. Nxc4 bxc4 42. Bf2 Qb7 43. Qh1 Qb5 44. Ng5+ hxg5 45. Bxc6 Qb8 46. Qe4 Ne7 47. Bb7 Rf6 48. Be3 g4 49. hxg4 Rf1 50. Rc1 Rxc1 51. Bxc1 a5 52. bxa5 Qc7 53. a6 1-0

[Event "GER-ch 69th"]
[Site "Gladenbach"]
[Date "1997.11.18"]
[Round "2"]
[White "Gisbrecht, Ewgeni"]
[Black "Gutman, Lev"]
[Result "1/2-1/2"]
[WhiteElo "2400"]
[BlackElo "2475"]
[EventDate "1997.11.17"]
[PlyCount "188"]

1. Nf3 Nf6 2. g3 g6 3. Bg2 Bg7 4. O-O O-O 5. c4 Nc6 6. Nc3 a6 7. d4 Rb8 8. Qa4 d6 9. d5 Na7 10. Be3 Bd7 11. Qa3 c5 12. dxc6 Nxc6 13. c5 dxc5 14. Qxc5 Ng4 15. Bf4 Rc8 16. Rad1 h6 17. h3 Nf6 18. Qa3 Qa5 19. Qxa5 Nxa5 20. Ne5 Be6 21. Be3 b5 22. Bb6 Nc4 23. Nxc4 Rxc4 24. Ba5 b4 25. Na4 Rb8 26. Rd2 Bf5 27. b3 Rcc8 28. g4 Be4 29. Rfd1 Bxg2 30. Kxg2 Ne4 31. Rd8+ Rxd8 32. Rxd8+ Rxd8 33. Bxd8 e6 34. Be7 Bf8 35. Bxf8 Kxf8 36. Kf3 f5 37. Ke3 Ke7 38. f3 Nd6 39. Kd4 a5 40. Kc5 fxg4 41. hxg4 h5 42. gxh5 gxh5 43. Nb2 Nf5 44. Nd3 h4 45. Nf4 e5 46. Nh3 Nd4 47. Ng1 Kf6 48. Kc4 Kf5 49. e3 Nc2 50. Kd3 Na3 51. Nh3 Nb1 52. e4+ Kf6 53. f4 Nc3 54. f5 Nb5 55. Nf2 Kg5 56. Ke3 Nd4 57. Nd3 h3 58. Kf2 h2 59. Kg2 Nf3 60. Nf2 Kf4 61. f6 Ng5 62. Kxh2 Kf3 63. Kg1 Nf7 64. Kf1 Nd6 65. Ke1 Nf7 66. Kf1 Nd6 67. Nd3 Kxe4 68. Nc5+ Kd5 69. Nb7 Ke6 70. Nxa5 Kxf6 71. Nc6 e4 72. Ke2 Nf5 73. Nxb4 Ke5 74. Nc2 Nd6 75. Kd2 Kd5 76. a4 Kc5 77. Kc3 Nf5 78. b4+ Kd5 79. a5 Nd6 80. Na3 Nc8 81. Nc4 Kc6 82. Kb3 Na7 83. Ne3 Nb5 84. Kc4 Nd6+ 85. Kb3 Nb5 86. Nd1 Nd6 87. Ne3 Nb5 88. Kc4 Nd6+ 89. Kd4 Kb5 90. Kd5 Kxb4 91. a6 Nc8 92. Kc6 Ka5 93. Kb7 Nd6+ 94. Kc6 Nb5 1/2-1/2

[Event "GER-ch 69th"]
[Site "Gladenbach"]
[Date "1997.11.18"]
[Round "2"]
[White "Hennings, Artur"]
[Black "Keitlinghaus, Ludger"]
[Result "1/2-1/2"]
[WhiteElo "2320"]
[BlackElo "2525"]
[EventDate "1997.11.17"]
[PlyCount "115"]

1. e4 e5 2. Bc4 Nc6 3. Nc3 Nf6 4. d3 Bc5 5. h3 d6 6. Nge2 Be6 7. O-O Bxc4 8. dxc4 Bb4 9. Qd3 Bxc3 10. Nxc3 Nd7 11. Be3 O-O 12. Rad1 b6 13. Nd5 Ne7 14. b4 Nxd5 15. Qxd5 Qc8 16. c5 Nf6 17. Qc6 dxc5 18. bxc5 Re8 19. f3 Re6 20. Qa4 h6 21. Rf2 Qb7 22. Rfd2 Rae8 23. c4 Kh7 24. Qb5 a6 25. Qb3 b5 26. Rb2 Rb8 27. Rdb1 Qc6 28. Qd1 Ree8 29. Qe2 b4 30. Rxb4 Rxb4 31. Rxb4 Rd8 32. Rb2 Qa4 33. Qc2 Qc6 34. Rb1 Qe6 35. Kh2 Nh5 36. Rd1 Rb8 37. Qa4 Rb2 38. Rd2 Rb1 39. Qd7 Qf6 40. c6 Re1 41. Rd6 cxd6 42. Qf5+ Qxf5 43. exf5 Rh1+ 44. Kxh1 Ng3+ 45. Kg1 Nxf5 46. Bb6 Ne7 47. Bc7 Nxc6 48. Bxd6 Kg6 49. Kf2 Kf6 50. Ke3 h5 51. g4 Ke6 52. Bf8 g6 53. f4 hxg4 54. hxg4 exf4+ 55. Kxf4 Ne5 56. c5 f6 57. Bd6 Kd5 58. g5 1/2-1/2

[Event "GER-ch 69th"]
[Site "Gladenbach"]
[Date "1997.11.18"]
[Round "2"]
[White "Holzhaeuer, Mathias"]
[Black "Bischoff, Klaus"]
[Result "1/2-1/2"]
[WhiteElo "2355"]
[BlackElo "2535"]
[EventDate "1997.11.17"]
[PlyCount "52"]

1. e4 c5 2. Nf3 d6 3. d4 Nf6 4. Nc3 cxd4 5. Qxd4 e5 6. Bb5+ Nbd7 7. Qd3 h6 8. O-O a6 9. Bxd7+ Bxd7 10. a4 Rc8 11. Rd1 Be7 12. a5 Qc7 13. Be3 O-O 14. Nd2 Be6 15. Bb6 Qc6 16. Nf1 Nd7 17. Ne3 Nxb6 18. axb6 Qxb6 19. Ncd5 Qd8 20. Nxe7+ Qxe7 21. Qxd6 Qxd6 22. Rxd6 Rfd8 23. Rad1 Rxd6 24. Rxd6 Kf8 25. f3 Ke8 26. Kf2 Rc7 1/2-1/2

[Event "GER-ch 69th"]
[Site "Gladenbach"]
[Date "1997.11.18"]
[Round "2"]
[White "Luther, Thomas"]
[Black "Lampe, Dirk"]
[Result "1-0"]
[WhiteElo "2525"]
[BlackElo "2295"]
[EventDate "1997.11.17"]
[PlyCount "113"]

1. e4 c5 2. Nf3 Nc6 3. d4 cxd4 4. Nxd4 Nf6 5. Nc3 e5 6. Ndb5 d6 7. Bg5 a6 8. Na3 b5 9. Nd5 Be7 10. Bxf6 Bxf6 11. c3 Bg5 12. Nc2 O-O 13. h4 Bh6 14. g3 Ne7 15. Ncb4 Be6 16. Qd3 Nc8 17. Rd1 Qd7 18. Bg2 Kh8 19. a3 Ra7 20. Bf3 a5 21. Nc2 Rb7 22. Nce3 Rd8 23. Nf5 Bxd5 24. Qxd5 Ne7 25. Qxf7 Nxf5 26. Qxf5 Qe7 27. Bg4 b4 28. Qe6 bxc3 29. bxc3 Qxe6 30. Bxe6 Rb2 31. g4 g6 32. Rh3 Rf8 33. f3 Bf4 34. g5 Rfb8 35. h5 gxh5 36. Rxh5 Rg2 37. Kf1 Rbb2 38. Rxd6 Rbf2+ 39. Ke1 Bd2+ 40. Kd1 Rf1+ 41. Kc2 Bxg5+ 42. Kb3 h6 43. Bg4 Rb1+ 44. Kc4 Rb7 45. Kd5 Rd2+ 46. Kc6 Rb3 47. c4 Rc2 48. c5 Rxa3 49. Rd5 Rac3 50. Rxe5 Kg7 51. Rd5 Rc1 52. f4 Bxf4 53. Rhf5 Be3 54. Bh5 Bxc5 55. Rf7+ Kg8 56. Rd8+ Bf8+ 57. Kb7 1-0

[Event "GER-ch 69th"]
[Site "Gladenbach"]
[Date "1997.11.18"]
[Round "2"]
[White "Lutz, Christopher"]
[Black "Bode, Wilfried"]
[Result "1-0"]
[WhiteElo "2590"]
[BlackElo "2400"]
[EventDate "1997.11.17"]
[PlyCount "103"]

1. e4 e5 2. Nf3 Nc6 3. Bb5 a6 4. Ba4 Nf6 5. O-O Be7 6. Re1 b5 7. Bb3 d6 8. c3 O-O 9. h3 Na5 10. Bc2 c5 11. d4 Nd7 12. dxc5 dxc5 13. b3 Ra7 14. a4 b4 15. Qe2 c4 16. cxb4 cxb3 17. bxa5 bxc2 18. Qxc2 Qxa5 19. Bd2 Bb4 20. Bxb4 Qxb4 21. Nbd2 f6 22. Rab1 Qe7 23. Rec1 Rd8 24. Nb3 Nf8 25. Na5 Bd7 26. Qb3+ Kh8 27. Nc6 Bxc6 28. Rxc6 Rd6 29. Rc8 Rd8 30. Rc6 Rd6 31. Rc8 Rd8 32. Qb8 Rxc8 33. Qxc8 g6 34. a5 Kg7 35. Rb8 Qf7 36. h4 h5 37. Kh2 Nh7 38. Qh8+ Kh6 39. Qc8 Qc7 40. Qxc7 Rxc7 41. Rb6 Rc4 42. Rxa6 Rxe4 43. Rd6 Ra4 44. a6 Ra2 45. Nd2 Ra4 46. Nf3 Ra2 47. Nd2 Ra4 48. g3 e4 49. Kg2 f5 50. Nb3 Nf8 51. Nd4 Kg7 52. Nb5 1-0

[Event "GER-ch 69th"]
[Site "Gladenbach"]
[Date "1997.11.18"]
[Round "2"]
[White "Menacher, Manfred"]
[Black "Zude, Erik"]
[Result "1/2-1/2"]
[WhiteElo "2270"]
[BlackElo "2365"]
[EventDate "1997.11.17"]
[PlyCount "89"]

1. e4 e5 2. Nf3 Nc6 3. d4 exd4 4. Nxd4 Bb4+ 5. c3 Be7 6. Bc4 Nf6 7. Nxc6 bxc6 8. e5 Ne4 9. Qf3 d5 10. exd6 Nxd6 11. O-O O-O 12. Bd3 Rb8 13. Qxc6 Bg5 14. f4 Bf6 15. Qa4 Re8 16. Qc2 c5 17. Nd2 g6 18. Ne4 c4 19. Nxf6+ Qxf6 20. Be2 Bf5 21. Qd2 Rbd8 22. Bf3 Ne4 23. Qe1 Rd3 24. h3 Re6 25. Bxe4 Rxe4 26. Qf2 Qe7 27. b3 Re2 28. Ba3 Qe4 29. Rfe1 Rxf2 30. Rxe4 Rxg2+ 31. Kxg2 Bxe4+ 32. Kf2 Rxc3 33. Rd1 Bd3 34. Rc1 Rxc1 35. Bxc1 cxb3 36. axb3 f6 37. Ke3 Bf1 38. h4 Kf7 39. b4 Ke6 40. Bb2 Bb5 41. Kf3 a6 42. Bd4 Kf5 43. Bc5 Bc6+ 44. Kg3 Ke6 45. Bd4 1/2-1/2

[Event "GER-ch 69th"]
[Site "Gladenbach"]
[Date "1997.11.18"]
[Round "2"]
[White "Miltner, Arndt"]
[Black "Walter, Guenter"]
[Result "1-0"]
[WhiteElo "2410"]
[BlackElo "2305"]
[EventDate "1997.11.17"]
[PlyCount "66"]

1. d4 d5 2. Nf3 Nf6 3. e3 Bf5 4. c4 c6 5. Nc3 e6 6. Nh4 Bg6 7. Nxg6 hxg6 8. Qb3 Qc7 9. Bd2 Nbd7 10. h3 Nb6 11. cxd5 exd5 12. Bd3 Bd6 13. O-O-O O-O-O 14. Kb1 Kb8 15. a4 Nc8 16. f3 Qb6 17. Qxb6 axb6 18. e4 dxe4 19. fxe4 Bb4 20. e5 Nd5 21. Nxd5 Bxd2 22. Rxd2 Rxd5 23. Bc4 Rd7 24. Rf1 Rf8 25. e6 Re7 26. Rxf7 Rexf7 27. exf7 Nd6 28. Bb3 Kc7 29. Re2 Kd7 30. Re6 g5 31. Rg6 Nxf7 32. Rxg7 Ke7 33. Kc2 Kf6 1-0

[Event "GER-ch 69th"]
[Site "Gladenbach"]
[Date "1997.11.18"]
[Round "2"]
[White "Oswald, Hans Joachim"]
[Black "Mueller, Karsten"]
[Result "0-1"]
[WhiteElo "2330"]
[BlackElo "2505"]
[EventDate "1997.11.17"]
[PlyCount "104"]

1. Nf3 d5 2. d4 c6 3. e3 Bf5 4. Bd3 Bxd3 5. Qxd3 Nf6 6. Nbd2 Nbd7 7. O-O e6 8. e4 dxe4 9. Nxe4 Be7 10. Nxf6+ Bxf6 11. Bf4 O-O 12. Rad1 Qa5 13. a3 Rfd8 14. Qb3 Nb6 15. Bc7 Rd7 16. Bxb6 axb6 17. c3 Rad8 18. Rfe1 h6 19. h3 Rd5 20. Nh2 b5 21. Ng4 Bg5 22. Ne3 R5d7 23. Qc2 Qc7 24. Qe4 c5 25. dxc5 Bxe3 26. Rxd7 Bxf2+ 27. Kxf2 Rxd7 28. b4 b6 29. cxb6 Qxb6+ 30. Qe3 Qd8 31. Kg1 Rd2 32. Re2 Rd3 33. Qc5 Rd1+ 34. Kh2 Rd5 35. Qe3 Qd6+ 36. Kg1 Rd3 37. Qe5 Qc6 38. Re3 Qb6 39. Kf2 Rd5 40. Qe4 Qa7 41. Kf3 Rf5+ 42. Ke2 Qxa3 43. Rf3 Qb2+ 44. Kf1 Qc1+ 45. Kf2 Qd2+ 46. Kg1 Qd1+ 47. Kh2 Rxf3 48. Qa8+ Kh7 49. gxf3 Qd2+ 50. Kg3 Qxc3 51. Qe4+ g6 52. Qb7 Qe5+ 0-1

[Event "GER-ch 69th"]
[Site "Gladenbach"]
[Date "1997.11.18"]
[Round "2"]
[White "Rabiega, Robert"]
[Black "Gietl, Thomas"]
[Result "1-0"]
[WhiteElo "2490"]
[BlackElo "2300"]
[EventDate "1997.11.17"]
[PlyCount "89"]

1. e4 d6 2. d4 Nf6 3. Bd3 e5 4. c3 d5 5. dxe5 Nxe4 6. Nd2 Nc6 7. Ngf3 Nc5 8. Bb1 Be7 9. h3 d4 10. cxd4 Nxd4 11. O-O Be6 12. b4 Nxf3+ 13. Qxf3 Bd5 14. Qe3 Ne6 15. a3 c6 16. Bb2 a5 17. Ne4 axb4 18. axb4 Rxa1 19. Bxa1 Bxb4 20. f4 Qa5 21. f5 Bc5 22. Nxc5 Qxc5 23. Qxc5 Nxc5 24. e6 f6 25. Bd4 Nb3 26. Bb6 Ke7 27. Bc2 Ra8 28. Bxb3 Bxb3 29. Rb1 Bc2 30. Bc5+ Kd8 31. Rxb7 Bxf5 32. Rxg7 Ra1+ 33. Kh2 Re1 34. e7+ Kd7 35. Rg8 Bg6 36. Rd8+ Kc7 37. g4 Kb7 38. h4 h5 39. Rg8 Bf7 40. Rf8 Bg6 41. Rxf6 Be8 42. Rf8 Bd7 43. gxh5 Kc7 44. Kg3 Re4 45. Rg8 1-0

[Event "GER-ch 69th"]
[Site "Gladenbach"]
[Date "1997.11.18"]
[Round "2"]
[White "Schaller, Sven"]
[Black "Heinemann, Thies"]
[Result "1/2-1/2"]
[WhiteElo "2315"]
[BlackElo "2450"]
[EventDate "1997.11.17"]
[PlyCount "52"]

1. c4 e5 2. Nc3 Nc6 3. g3 g6 4. Bg2 Bg7 5. Rb1 a5 6. a3 Nf6 7. b4 axb4 8. axb4 O-O 9. d3 Re8 10. Bg5 h6 11. Bxf6 Bxf6 12. Nf3 Bg7 13. O-O d6 14. b5 Ne7 15. Nd2 e4 16. Qc2 e3 17. fxe3 Nf5 18. Rxf5 gxf5 19. Nf1 h5 20. Nd5 h4 21. b6 cxb6 22. Nxb6 Ra7 23. Qb3 hxg3 24. hxg3 Bd7 25. Nxd7 Qxd7 26. Qb5 Qxb5 1/2-1/2